000147341 001__ 147341
000147341 005__ 20241217145103.0
000147341 037__ $$aTAZ-TFG-2024-1557
000147341 041__ $$aspa
000147341 1001_ $$aLana Del Amo Alfredo
000147341 24200 $$aJōmon and their pottery
000147341 24500 $$aLos Jōmon y su cerámica
000147341 260__ $$aZaragoza$$bUniversidad de Zaragoza$$c2024
000147341 506__ $$aby-nc-sa$$bCreative Commons$$c3.0$$uhttp://creativecommons.org/licenses/by-nc-sa/3.0/
000147341 520__ $$aEn este TFG se estudia el periodo prehistórico jōmon del archipiélago japones, que va desde aproximadamente el 14000 a.C hasta el 900 a.C. <br />En una primera parte del trabajo, se hace un estudio general sobre las poblaciones jōmon a lo largo de todo el periodo, investigando sobre el territorio que habitaron y la influencia que tuvo en sus costumbres, los tipos de asentamientos que construyeron, desde sus inicios en cuevas hasta sus asentamientos pseudo-sedentarios y la sociedad cazadora-recolectora en la que vivían, con una posible jerarquización social, así como entrando en el apartado espiritual de los mismos. <br />La segunda parte del trabajo consiste en el estudio de la cerámica de esta cultura y su evolución, a lo largo de todo el periodo, desde las vasijas puramente domésticas en las etapas iniciales, hasta su apogeo durante el Jōmon Medio con vasijas con posible función ritual y terminando con la decadencia de esta cultura y su desaparición a finales del Jōmon Final. <br /><br />
000147341 521__ $$aGraduado en Historia
000147341 540__ $$aDerechos regulados por licencia Creative Commons
000147341 691__ $$a0
000147341 692__ $$a
000147341 700__ $$aDomingo Martínez, Rafael Antonio$$edir.
000147341 7102_ $$aUniversidad de Zaragoza$$b $$c
000147341 8560_ $$f796144@unizar.es
000147341 8564_ $$s2009706$$uhttps://zaguan.unizar.es/record/147341/files/TAZ-TFG-2024-1557.pdf$$yMemoria (spa)
000147341 909CO $$ooai:zaguan.unizar.es:147341$$pdriver$$ptrabajos-fin-grado
000147341 950__ $$a
000147341 951__ $$adeposita:2024-12-17
000147341 980__ $$aTAZ$$bTFG$$cFFYL
000147341 999__ $$a20240530185832.CREATION_DATE